00383nam a22001571a 4500020000900000040002600009050002100035100001900056245005300075260000900128300001600137500001500153600002100168600003300189852000300222 c0.00 aNEGST Library - Kenya aPL 8025.B68 2007 aBotne, Robert. aA Grammatical Sketch of Chindali ( Malawh[Text] c2007 axiv, 188 p. a[Africana] aBantu languages. aChindali Language - Grammar